La educación temprana de 3 a 7 años (Registro nro. 3591)
[ vista simple ]
| 000 -Cabecera | |
|---|---|
| Campo de control de longitud fija | 00712nam a22002657a 4500 |
| 005 - Fecha y hora de la última transacción | |
| Campo de control | 20231012101817.0 |
| 008 - Elementos de longitud fija--Información general | |
| Campo de control de longitud fija | 150303b2009 xxu||||| |||| 00| 0 spa d |
| 020 ## - International Standard Book Number | |
| Número Internacional Estándar del Libro (ISBN) | 978849840 |
| 041 ## - Idioma | |
| Código de idioma | Español |
| 082 ## - Clasificación Decimal Dewey | |
| Número de clasificación | 305.232 B826e |
| 100 ## - Entrada principal--Autor personal | |
| Nombre personal | Bravo, Merche |
| 9 (RLIN) | 8617 |
| 245 ## - Título propiamente dicho | |
| Título | La educación temprana de 3 a 7 años |
| 250 ## - Edición | |
| Mención de edición | 8 edición |
| 260 ## - Pie de imprenta | |
| Lugar de publicación, distribución, etc. | España |
| Nombre del editor, distribuidor, etc. | Palabra |
| Fecha de publicación, distribución, etc. | 2010 |
| 300 ## - Descripción física | |
| Extensión | 239 páginas |
| 650 ## - Materia general | |
| Temática (materia general) | INFANCIA |
| 650 ## - Materia general | |
| Temática (materia general) | DESARROLLO INFANTIL |
| 650 ## - Materia general | |
| Temática (materia general) | CAPACIDADES |
| 650 ## - Materia general | |
| Temática (materia general) | INTELIGENCIA EMOCIONAL |
| 650 ## - Materia general | |
| Temática (materia general) | ESTIMULACIÓN TEMPRANA |
| 650 ## - Materia general | |
| Temática (materia general) | USO DE TECNOLOGÍAS |
| 650 ## - Materia general | |
| Temática (materia general) | NUTRICIÓN |
| 650 ## - Materia general | |
| Temática (materia general) | TELEVISIÓN |
| 942 ## - Punto de acceso adicional KOHA | |
| Tipo de ítem KOHA | Literatura |
| Fuente del sistema de clasificación o colocación | Dewey Decimal Classification |
| Signatura completa | Código de barras | Tipo de ítem |
|---|---|---|
| 305.232 B826e | 18539 | Literatura |